000 00740nam a22001817a 4500
999 _c62792
_d62792
003 Ge_BSU
005 20250217121640.0
008 250217s1969 xxu||||| |||| 00| 0 geo d
041 _ageo
080 _a618.1(075.8) შ-96
100 _aშუშანია, პლატონ
_924379
245 _aგინეკოლოგია :
_b[სახელმძღვ. სამედ. ინ-ტის სტუდენტებისათვის] /
_cპლატონ შუშანია.
250 _aმე-4 გამოც.
264 _aთბილისი :
_bგანათლება,
_c1969.
300 _a320 გვ. :
_b ილ. ;
_c26 სმ.
653 _aგინეკოლოგია
942 _2udc
_cBK